• 首页
  • 本馆介绍
  • 公告通知
  • 最新文献
  • 馆藏检索
  • 电子资源
  • 读者导购
  • 参考咨询
  • 我的图书馆
  • 登录
  • 详细信息显示
  • 放入我的书架
  • 预约/预借图书
  • 作者相关作品
  • 分类相关作品
  • 丛书相关作品
  • 出版社相关作品

书目信息

  • 表格格式
  • 工作单格式
  • 卡片格式
题名:
建设工程质量、投资、进度控制历年真题押题模拟卷
    
 
作者: ;全国监理工程师资格考试命题研究中心 主编
分册:  
出版信息: 南京   东南大学出版社  2018.01
页数: 全一册
开本: 28cm
丛书名:
单 册:
中图分类: F283-44
科图分类:
主题词: 基本建设经济 , 基本建设 , 基本建设经济学 , 基本建设优化学
电子资源:
ISBN: 7-5641-7461-7
000 00965nam0 2200241 450
001 2461344549
005 20241203170838.57
010    @a7-5641-7461-7@dCNY35.00
100    @a20241203d2018 km y0chiy0120 ea
101 0  @achi
102    @aCN@b320000
102    @aCN@b320000
200 1  @a建设工程质量、投资、进度控制历年真题押题模拟卷@AJian She Gong Cheng Zhi Liang、Tou Zi、Jin Du Kong Zhi Li Nian Zhen Ti Ya Ti Mo Ni Juan@f全国监理工程师资格考试命题研究中心主编@FQuan Guo Jian Li Gong Cheng Shi Zi Ge Kao Shi Ming Ti Yan Jiu Zhong Xin Zhu Bian
210    @a南京@c东南大学出版社@d2018.01
215    @a全一册@d28cm
606 0  @a基本建设经济
606 0  @a基本建设
606 0  @a基本建设经济学
606 0  @a基本建设优化学
690    @aF283-44@v4
711 02 @a全国监理工程师资格考试命题研究中心@AQuan Guo Jian Li Gong Cheng Shi Zi Ge Kao Shi Ming Ti Yan Jiu Zhong Xin@4主编
801  0 @aCN@b大连网信软件有限公司图书馆·11@c20241203
905    @aZUCC@dF283-44@e2367
    
    建设工程质量、投资、进度控制历年真题押题模拟卷/全国监理工程师资格考试命题研究中心主编.-南京:东南大学出版社,2018.01
    全一册;28cm
    
    
    ISBN 7-5641-7461-7:CNY35.00
    
●
相关链接 在E读中查询图书 在五车中查询图书 在当当中查询图书 在豆瓣中查询图书


正题名:建设工程质量、投资、进度控制历年真题押题模拟卷     索取号:F283-44/2367         预约/预借

序号 登录号 条形码 馆藏地/架位号 状态 备注
1 1439495   214394957   密集书库2/ [索取号:F283-44/2367] 在馆    
2 1439496   214394966   密集书库2/ [索取号:F283-44/2367] 在馆    
3 1439497   214394975   密集书库2/ [索取号:F283-44/2367] 在馆    
4 1439498   214394984   密集书库2/ [索取号:F283-44/2367] 在馆    
5 1439499   214394993   密集书库2/ [索取号:F283-44/2367] 在馆    
唐山师范学院图书馆 欢迎您!
大连网信软件有限公司© 版权所有